000 01345nam a2200313 i 4500
001 184730
003 ES-MaACL
005 20251203063034.0
008 151120s2012 sp ach |||| |dspa d
020 _a978-84-7943-445-8
080 _a929 Prim, Juan
080 _a94(460)"1833/76"
100 1 _aPrim, Juan,
_d1814-1870
_9242561
245 1 0 _aJuan Prim y Prats (1814-1870) :
_bdiscursos parlamentarios /
_c[coordinadora, María José Rubio].
260 _aMadrid :
_bCongreso de los Diputados, Departamento de Publicaciones,
_c[2012]
300 _a770 p. :
_bil. col., retr. ;
_c23 cm.
490 1 _aBiografías de parlamentarios ;
_v5
505 8 _aContiene: ;
_tAntología de los discursos parlamentarios de Juan Prim y Prats /
_rselección realizada por Emilio de Diego García
600 1 4 _aPrim, Juan,
_d1814-1870
_9242561
651 7 _aEspaña-
_xHistoria-
_y1833-1876, Guerras carlistas.
_98253
700 1 _aRubio, María José,
_d1965-
_9146322
700 1 _aDiego García, Emilio de.
_944564
710 1 _aEspaña.
_bCortes Generales.
_bCongreso.
_93671
740 0 2 _aAntología de los discursos parlamentarios de Juan Prim y Prats.
830 0 _aBiografías de parlamentarios ;
_v5
_9225122
852 _aES-MaACL
_jA-13635
_9191741
_bR.150933
_cDEPO1
_dOlim: N-6635
942 _2udc
999 _c184730
_d184730